كتاب سيبويه / (رقم التسجيلة. 80002)

تفاصيل مارك
000 -LEADER
fixed length control field 00593nam a22001937a 4500
005 - DATE AND TIME OF LATEST TRANSACTION
control field 20251108172449.0
008 - FIXED-LENGTH DATA ELEMENTS--GENERAL INFORMATION
fixed length control field 250721s9999 xx 000 0 ara d
082 14 - DEWEY DECIMAL CLASSIFICATION NUMBER
Classification number م/415/سيب
100 1# - MAIN ENTRY--PERSONAL NAME
Personal name سيبويه، ابو بشر عمر بن عثمان...الفارسي
245 10 - TITLE STATEMENT
Title كتاب سيبويه /
250 ## - EDITION STATEMENT
Edition statement ط3.
264 1# - PRODUCTION, PUBLICATION, DISTRIBUTION, MANUFACTURE, AND COPYRIGHT NOTICE
Place of production, publication, distribution, manufacture القاهرة :
Name of producer, publisher, distributor, manufacturer مكتبة الخانجي،
300 ## - PHYSICAL DESCRIPTION
Extent 5ج.
650 17 - SUBJECT ADDED ENTRY--TOPICAL TERM
Topical term or geographic name as entry element اللغة العربية
650 17 - SUBJECT ADDED ENTRY--TOPICAL TERM
Topical term or geographic name as entry element قواعد اللغة
700 1# - ADDED ENTRY--PERSONAL NAME
Personal name هارون، عبد السلام محمد
Relator term محقق
942 ## - ADDED ENTRY ELEMENTS (KOHA)
Source of classification or shelving scheme Dewey Decimal Classification
Koha item type مراجع
المقتنيات
حالة السحب حالة الفقدان مصدر التصنيف حالة التلف غير قابل للإعارة المكتبة الرئيسية المكتبة الحالية موقع الرف تاريخ التزويد الرقم المتسلسل Total Checkouts رقم الإستدعاء الباركود تاريخ آخر ظهور تاريخ الفاتورة نوع المادة (كوها)
    Dewey Decimal Classification     المكتبة المركزية المكتبة المركزية مقتنيات قسم التزويد 28/07/2025 1759921   م/415/سيب   28/07/2025 28/07/2025 مراجع
    Dewey Decimal Classification   Not For Loan مكتبة أم قصير والمقابلين العامة مكتبة أم قصير والمقابلين العامة مراجع 02/11/2014 [ 1901 ]   م/415/سيب PLD00357918 28/07/2025 02/11/2014 مراجع
    Dewey Decimal Classification   Not For Loan مكتبة أم قصير والمقابلين العامة مكتبة أم قصير والمقابلين العامة مراجع 02/11/2014 [ 1902 ]   م/415/سيب PLD00357919 28/07/2025 02/11/2014 مراجع
    Dewey Decimal Classification   Not For Loan مكتبة أم قصير والمقابلين العامة مكتبة أم قصير والمقابلين العامة مراجع 02/11/2014 [ 1903 [   م/415/سيب PLD00357920 28/07/2025 02/11/2014 مراجع
    Dewey Decimal Classification   Not For Loan مكتبة أم قصير والمقابلين العامة مكتبة أم قصير والمقابلين العامة مراجع 02/11/2014 [ 1904 ]   م/415/سيب PLD00357921 28/07/2025 02/11/2014 مراجع
    Dewey Decimal Classification   Not For Loan مكتبة أم قصير والمقابلين العامة مكتبة أم قصير والمقابلين العامة مراجع 03/11/2014 [ 1900 ]   م/415/سيب PLD00358315 28/07/2025 03/11/2014 مراجع
    Dewey Decimal Classification   Not For Loan مكتبة حمزة العامة مكتبة حمزة العامة مراجع 10/03/2016 [755]   م/415/سيب PLD00379127 28/07/2025 10/03/2016 مراجع
    Dewey Decimal Classification   Not For Loan مكتبة حمزة العامة مكتبة حمزة العامة مراجع 10/03/2016 [754]....   م/415/سيب PLD00379128 28/07/2025 10/03/2016 مراجع
    Dewey Decimal Classification   Not For Loan مكتبة وادي السير العامة مكتبة وادي السير العامة مراجع 10/04/2016 [1091]....   م/415/سيب PLD00385445 28/07/2025 10/04/2016 مراجع
    Dewey Decimal Classification   Not For Loan مكتبة وادي السير العامة مكتبة وادي السير العامة مراجع 10/04/2016 [1090].....   م/415/سيب PLD00385447 28/07/2025 10/04/2016 مراجع
    Dewey Decimal Classification   Not For Loan مكتبة وادي السير العامة مكتبة وادي السير العامة مراجع 10/04/2016 [1092]...   م/415/سيب PLD00385450 28/07/2025 10/04/2016 مراجع
    Dewey Decimal Classification   Not For Loan مكتبة وادي السير العامة مكتبة وادي السير العامة مراجع 10/04/2016 [1088]....   م/415/سيب PLD00385451 28/07/2025 10/04/2016 مراجع
    Dewey Decimal Classification   Not For Loan مكتبة وادي السير العامة مكتبة وادي السير العامة مراجع 10/04/2016 [1089]....   م/415/سيب PLD00385453 28/07/2025 10/04/2016 مراجع
Implemented & Customized by: BBB with SCIT (Smart Chains for Information Technology)

Powered by Koha